Faculty of Law Library — Cairo University

Official Online Catalog

قانون الكسب غير المشروع الصادر بالقانون رقم 11لسنة 1968: (Record no. 64024)

MARC details
000 -LEADER
fixed length control field 01239nam a2200265 4500
003 - CONTROL NUMBER IDENTIFIER
control field EG-GICUC
005 - DATE AND TIME OF LATEST TRANSACTION
control field 20260407223047.0
008 - FIXED-LENGTH DATA ELEMENTS--GENERAL INFORMATION
fixed length control field 260223t1968 ua|||||f |||| 00| 0 ara d
040 ## - CATALOGING SOURCE
Original cataloging agency EG-GICUC
Transcribing agency EG-GICUC
Modifying agency EG-GICUC
Description conventions rda
082 04 - DEWEY DECIMAL CLASSIFICATION NUMBER
Edition number 21
Classification number 343.415
092 04 - LOCALLY ASSIGNED DEWEY CALL NUMBER (OCLC)
Edition number 21
099 ## - LOCAL FREE-TEXT CALL NUMBER (OCLC)
Classification number Law1 10 343.415 ف ك . ق 1968
100 0# - MAIN ENTRY--PERSONAL NAME
Personal name فكري أبوالخير
245 10 - TITLE STATEMENT
Title قانون الكسب غير المشروع الصادر بالقانون رقم 11لسنة 1968:
Remainder of title مواد القانون معلقا عليها بالمذكرة الإيضاحية والتشريعات السابقة، مواد التشريعات المتعلقة بالكسب غير المشروع، اللائحة التنفيذية، نموذج إقرار الذمة المالية /
Statement of responsibility, etc. فكري أبوالخير.
264 ## - PRODUCTION, PUBLICATION, DISTRIBUTION, MANUFACTURE, AND COPYRIGHT NOTICE
Place of production, publication, distribution, manufacture القاهرة:
Name of producer, publisher, distributor, manufacturer دار الفكر العربي;
Date of production, publication, distribution, manufacture, or copyright notice 1968.
300 ## - PHYSICAL DESCRIPTION
Extent صفحة
Dimensions 24 سم
336 ## - CONTENT TYPE
Source rda content
Content type term text
337 ## - MEDIA TYPE
Source rda media
Media type term Computer
338 ## - CARRIER TYPE
Source rda carrier
Carrier type term Online Resource
650 14 - SUBJECT ADDED ENTRY--TOPICAL TERM
Topical term or geographic name entry element قانون العقوبات شأن الكسب غير المشروع
Source of heading or term qrmak
651 1# - SUBJECT ADDED ENTRY--GEOGRAPHIC NAME
Source of heading or term qrmak
856 40 - ELECTRONIC LOCATION AND ACCESS
Uniform Resource Identifier <a href="https://fll.law.cu.edu.eg/fulltext/bks/B10-08834.pdf">https://fll.law.cu.edu.eg/fulltext/bks/B10-08834.pdf</a>
905 ## - Cataloger and Reviser Names
Cataloger Name: Radwa
Revisor Name: Yara
942 ## - ADDED ENTRY ELEMENTS (KOHA)
Source of classification or shelving scheme Dewey Decimal Classification
Suppress in OPAC No
Koha item type Books
Edition 21
Holdings
Withdrawn status Lost status Source of classification or shelving scheme Damaged status Not for loan Collection Home library Current library Date acquired Total checkouts Full call number Barcode Date last seen Price effective from Koha item type
    Dewey Decimal Classification   Not for loan القانون الجنائي جــــامعة القــاهرة مكتبة كلية الحقوق - المبنى الرئيسي 23.02.2026   Law1 10 343.415 ف ك . ق 1968 1008834 C1 B10-08834 23.02.2026 23.02.2026 Books

© All rights reserved — Faculty of Law, Cairo University